Quick Pick: A Song of Ice and Fire Swords Quiz Stats

 Plays Quiz Updated Mar 26, 2018

Score 0/12 Timer 01:00
1 Play Today
% Correct
Arya Stark
86.3%
Brienne of Tarth
76.2%
Jon Snow
70.9%
House Stark
68.6%
Joffrey Baratheon
64.9%
Azor Ahai
63.9%
House Dayne
58.4%
House Tarly
50.7%
House Targaryen
46.5%
House Corbray
40.7%
House Harlaw
28.8%
House Drumm
26.7%

Today's Daily Dose

Missing Word
Wicked Songs

Word Ladder
Blue Ivies

Get the Picture
Green on the Flag?

You're not logged in!

Compare scores with friends on all Sporcle quizzes.
OR
Log In

You Might Also Like...

Show Comments

Extras

Top Quizzes Today


Score Distribution

Your Account Isn't Verified!

In order to create a playlist on Sporcle, you need to verify the email address you used during registration. Go to your Sporcle Settings to finish the process.

Report this User

Report this user for behavior that violates our Community Guidelines.

Details: